Colloquium on land valuation methods (Record no. 79465)

MARC details
000 -LEADER
fixed length control field 00640nam a2200145 a 4500
008 - FIXED-LENGTH DATA ELEMENTS--GENERAL INFORMATION
fixed length control field 120416s1980 ||||||||||||||||| || u
050 ## - LIBRARY OF CONGRESS CALL NUMBER
Classification number HD 254 Col
245 00 - TITLE STATEMENT
Title Colloquium on land valuation methods
260 ## - PUBLICATION, DISTRIBUTION, ETC.
Place of publication, distribution, etc. Cambridge, [Mass.]
Name of publisher, distributor, etc. Lincoln Institute of Land Policy
Date of publication, distribution, etc. 1980
350 ## -
-- 0.00
650 ## - SUBJECT ADDED ENTRY--TOPICAL TERM
Topical term or geographic name entry element LAND VALUATION
650 ## - SUBJECT ADDED ENTRY--TOPICAL TERM
Topical term or geographic name entry element LAND
995 ## -
-- BINDERY (DAMAGED)
-- 0.00
-- 706633
-- CBU-MAIN LIBRARY (Kitwe)
-- 2
-- 0.00
-- HD 254 Col
-- 2
-- DAMAGED
-- 706633
-- Main Library Open Access Collection
995 ## -
-- BINDERY (DAMAGED)
-- 0.00
-- 706634
-- CBU-MAIN LIBRARY (Kitwe)
-- 1
-- 0.00
-- HD 254 Col
-- 1
-- DAMAGED
-- 706634
-- Main Library Open Access Collection
999 ## -
-- 79465
-- 79465
Holdings
Withdrawn status Lost status Source of classification or shelving scheme Damaged status Not for loan Permanent Location Current Location Shelving location Date acquired Total Checkouts Full call number Barcode Date last seen Copy number Price effective from Koha item type
          CBU-MAIN LIBRARY, KITWE. CBU-MAIN LIBRARY, KITWE.   06/29/2023   HD 254 Col 706633 06/29/2023 1 06/29/2023 MONOGRAPH
          CBU-MAIN LIBRARY, KITWE. CBU-MAIN LIBRARY, KITWE.   06/29/2023   HD 254 Col 706634 06/29/2023 2 06/29/2023 MONOGRAPH